| 000 | 00659nam a2200193 u 4500 | ||
|---|---|---|---|
| 001 | 000002882 | ||
| 005 | 20250925082330.0 | ||
| 008 | 090704s1988 dr r 001 0 spa d | ||
| 040 |
_aDO-SdBNP _bspa _cBNPHU |
||
| 082 |
_a336.3435 _bM366i |
||
| 100 | 1 |
_aMartínez Pérez, Ricardo _d1929 - _99158 |
|
| 245 | 1 | 4 |
_aLas inversiones troyanas y el Fondo Monetario Internacional : _bensayo / _cRicardo Martínez Pérez. |
| 260 |
_aSanto Domingo : _bTaller, _c1988. |
||
| 300 |
_a57p ; _c18cm. |
||
| 500 | _aContiene índice | ||
| 650 | 4 |
_aPolitica monetaria _zAmérica Latina _92904 |
|
| 650 | 0 |
_aCrisis económica _99159 |
|
| 650 | 4 |
_aDeuda externa _zAmérica Latina _99160 |
|
| 999 |
_c2716 _d2716 |
||